| 000 | 00541nam a22001937a 4500 | ||
|---|---|---|---|
| 005 | 20230912162730.0 | ||
| 010 | _aENG-137902 | ||
| 020 |
_c395.00 _a9788192960401 |
||
| 035 | _aEN-121434 | ||
| 037 | _bDBAD/PUB | ||
| 082 | _a307.7720954 | ||
| 100 |
_aSengupta,Amrita _956485 |
||
| 245 |
_aChuar Disturbances/ _cBy Amrita Sengupta |
||
| 250 | _aFirst | ||
| 260 |
_aKolkata _bSreejoni _c2015 |
||
| 270 |
_a170/144, NSC Bose Road _bKolkata _e700040 |
||
| 300 |
_a122p. _c22cm(hbk) |
||
| 942 |
_2ddc _cEN _h307.7720954 _mSEN |
||
| 999 |
_c197715 _d197715 |
||